000 01115nam a2200241 i 4500
001 79440
003 ES-MaACL
005 20250815103632.0
007 t|
008 041021s1932 sp ||||1| spa d
100 1 _aHernández-Pacheco, Francisco,
_d1899-1976
_963010
245 1 0 _aEstudio de la región volcánica central de España /
_cpor Francisco Hernández-Pacheco.
260 _a[S.l. :
_bs.n.],
_c1932 (
_eMadrid :
_fS. Aguirre, imp)
300 _aV, 235 p., XLIX h. de lám., 2 h. pleg. ;
_c27 cm +
_e1 carpeta (18 h. de map., 3 h. pleg.)
490 1 _aMemorias de la Academia de Ciencias Exactas, Físicas y Naturales de Madrid. Serie de Ciencias Naturales ;
_v3
594 _aTít. del material anejo: Mapas y cortes geológicos.
650 4 _aGeomorfología-
_zCiudad Real (Provincia)
_9164284
650 4 _aVulcanismo-
_zCiudad Real (Provincia)
_9164285
650 4 _aPetrología-
_zCiudad Real (Provincia)
_9164286
830 0 0 _aMemorias de la Real Academia de Ciencias Exactas, Físicas y Naturales de Madrid
_v3
_9222794
852 _aES-MaACL
_jA-2168-69
999 _c79440
_d79440